[Event "AUT-chT2M 2324"]
[Site "Austria"]
[Date "2024.03.17"]
[Round "8.1"]
[White "Kristoferitsch, Daniel"]
[Black "Ruck, Robert"]
[Result "1/2-1/2"]
[WhiteElo "2270"]
[BlackElo "2534"]
[PlyCount "65"]
[EventDate "2023.11.03"]
[EventType "team-tourn"]
[EventRounds "11"]
[EventCountry "AUT"]
[SourceTitle "CB16_2024"]
[SourceDate "2024.04.17"]
[SourceVersion "1"]
[SourceVersionDate "2024.04.17"]
[SourceQuality "1"]
[WhiteTeam "Graz Schachfreunde"]
[BlackTeam "Fuerstenfeld/Hartberg"]
[WhiteTeamCountry "AUT"]
[BlackTeamCountry "AUT"]

1. d4 Nf6 2. c4 e6 3. Nc3 Bb4 4. Qc2 0-0 5. e4 d5 6. e5 Ne4 7. Nf3 c5 8. Bd3 cxd4 9. Nxd4 Nd7 10. Bf4 Qh4 11. g3 Qh5 12. 0-0 Bxc3 13. bxc3 g5 14. cxd5 exd5 15. Be3 Nxe5 16. f3 Nxd3 17. Qxd3 Nc5 18. Qd2 Qg6 19. Bxg5 Re8 20. Rfe1 Bd7 21. Be7 Ne6 22. Nxe6 Bxe6 23. Re5 h6 24. Bc5 b6 25. Bd4 Bd7 26. Rae1 Rxe5 27. Rxe5 Re8 28. Qe1 Rxe5 29. Qxe5 Qb1+ 30. Kf2 Qc2+ 31. Kg1 Qb1+ 32. Kf2 Qc2+ 33. Kg1 1/2-1/2

[Event "Sitges Sunway op 10th"]
[Site "Sitges"]
[Date "2023.12.13"]
[Round "2"]
[White "Kristoferitsch, Daniel"]
[Black "Iniyan, Panneerseluam"]
[Result "0-1"]
[WhiteElo "2254"]
[BlackElo "2500"]
[PlyCount "72"]
[EventDate "2023.12.12"]
[EventType "swiss"]
[EventRounds "10"]
[EventCountry "ESP"]
[SourceTitle "CB52_2023"]
[SourceDate "2023.12.27"]
[SourceVersion "1"]
[SourceVersionDate "2023.12.27"]
[SourceQuality "1"]

1. d4 Nf6 2. c4 e6 3. Nc3 Bb4 4. Qc2 d6 5. e3 0-0 6. Bd3 c5 7. dxc5 Bxc5 8. Nf3 d5 9. a3 dxc4 10. Bxc4 b6 11. b4 Be7 12. Bb2 Bb7 13. 0-0 a5 14. Rfd1 Qc8 15. Qb3 axb4 16. axb4 Rxa1 17. Rxa1 Nc6 18. Na2 Rd8 19. Rc1 Qd7 20. h3 Qd6 21. Nd4 Nxd4 22. Bxd4 Ne4 23. Qb2 Bh4 24. Rc2 e5 25. Bxe5 Qg6 26. Bd4 Ng5 27. Kf1 Ne6 28. g3 Nxd4 29. exd4 Qe4 30. gxh4 Re8 31. Bxf7+ Kxf7 32. f3 Qe1+ 33. Kg2 Bxf3+ 34. Kxf3 Re3+ 35. Kf4 Qg3+ 36. Kf5 g6# 0-1

[Event "Wch U18"]
[Site "Montesilvano"]
[Date "2023.11.23"]
[Round "10"]
[White "Hommadov, Amanmuhammet"]
[Black "Kristoferitsch, Daniel"]
[Result "1/2-1/2"]
[WhiteElo "2055"]
[BlackElo "2270"]
[PlyCount "80"]
[EventDate "2023.11.13"]
[EventType "swiss"]
[EventRounds "11"]
[EventCountry "ITA"]
[SourceTitle "CB48_2023"]
[SourceDate "2023.11.29"]
[SourceVersion "1"]
[SourceVersionDate "2023.11.29"]
[SourceQuality "1"]

1. e4 e6 2. d4 d5 3. e5 c5 4. c3 Nc6 5. Nf3 Bd7 6. a3 Nge7 7. b4 cxd4 8. cxd4 Nf5 9. Be3 f6 10. exf6 Qxf6 11. Bd3 Bd6 12. 0-0 Nxe3 13. fxe3 Qh6 14. Qe2 0-0 15. b5 Na5 16. Nbd2 Be8 17. h3 Bh5 18. a4 b6 19. Rac1 Rac8 20. g4 Bg6 21. Kg2 Bxd3 22. Qxd3 Rxc1 23. Rxc1 Qf6 24. Rf1 Qe7 25. h4 h6 26. Rc1 Qf7 27. Rf1 Qd7 28. Qg6 Rf6 29. Qh5 Qf7 30. Qxf7+ Rxf7 31. Rc1 Rc7 32. Rxc7 Bxc7 33. Kf2 Kf7 34. Ke2 Kg6 35. h5+ Kf6 36. Kd3 g6 37. g5+ Kg7 38. gxh6+ Kxh6 39. hxg6 Kxg6 40. e4 Kf6 1/2-1/2

[Event "Wch U18"]
[Site "Montesilvano"]
[Date "2023.11.18"]
[Round "6"]
[White "Mcligeyo, Robert Oluka"]
[Black "Kristoferitsch, Daniel"]
[Result "1/2-1/2"]
[WhiteElo "2038"]
[BlackElo "2270"]
[PlyCount "40"]
[EventDate "2023.11.13"]
[EventType "swiss"]
[EventRounds "11"]
[EventCountry "ITA"]
[SourceTitle "CB48_2023"]
[SourceDate "2023.11.29"]
[SourceVersion "1"]
[SourceVersionDate "2023.11.29"]
[SourceQuality "1"]

1. d4 Nf6 2. c4 e6 3. Nf3 d5 4. Nc3 dxc4 5. e4 Bb4 6. Bxc4 Nxe4 7. 0-0 Nf6 8. Qa4+ Nc6 9. Ne5 Bd6 10. Nxc6 bxc6 11. Qxc6+ Bd7 12. Qf3 0-0 13. Bg5 h6 14. Bh4 Be7 15. Rfd1 Rb8 16. Bb3 Rb6 17. Bg3 Bd6 18. Bh4 Be7 19. Bg3 Bd6 20. Bh4 Be7 1/2-1/2

[Event "Wch U18"]
[Site "Montesilvano"]
[Date "2023.11.17"]
[Round "5"]
[White "Kristoferitsch, Daniel"]
[Black "Miazhynski, Michael"]
[Result "1/2-1/2"]
[WhiteElo "2270"]
[BlackElo "2109"]
[PlyCount "114"]
[EventDate "2023.11.13"]
[EventType "swiss"]
[EventRounds "11"]
[EventCountry "ITA"]
[SourceTitle "CB48_2023"]
[SourceDate "2023.11.29"]
[SourceVersion "1"]
[SourceVersionDate "2023.11.29"]
[SourceQuality "1"]

1. Nf3 Nf6 2. c4 c5 3. Nc3 e6 4. g3 b6 5. Bg2 Bb7 6. 0-0 Be7 7. Re1 d5 8. cxd5 exd5 9. d4 0-0 10. b3 Ne4 11. Bb2 Bf6 12. Rc1 Re8 13. dxc5 bxc5 14. Nd2 Nxc3 15. Bxc3 Bxc3 16. Rxc3 Nd7 17. Nb1 Qg5 18. Rd3 Nb6 19. Nc3 Rad8 20. Qc2 Bc8 21. h4 Qg6 22. Nxd5 Rxd5 23. Bxd5 Nxd5 24. Qd2 Bb7 25. Rxd5 Qe4 26. Rd1 Bxd5 27. Qxd5 Qxe2 28. Rd2 Qe7 29. Kg2 h6 30. Rc2 Rd8 31. Qxc5 Qe4+ 32. f3 Qe1 33. Qxa7 g6 34. Qf2 Qa5 35. Qe3 Qb4 36. Re2 h5 37. Qe4 Qa3 38. Qc2 Qa5 39. Kh2 Qa8 40. Kg2 Qa5 41. Qb2 Kh7 42. b4 Qb5 43. Re5 Qc4 44. b5 Rd1 45. Re2 Rb1 46. Qxb1 Qxe2+ 47. Kg1 Qe3+ 48. Kg2 Qe2+ 49. Kh3 Qxf3 50. b6 Qg4+ 51. Kg2 Qe2+ 52. Kg1 Qe3+ 53. Kg2 Qe2+ 54. Kg1 Qe3+ 55. Kh2 Qe2+ 56. Kh1 Qf3+ 57. Kh2 Qe2+ 1/2-1/2

[Event "Mitropa Cup"]
[Site "Mali Losinj"]
[Date "2023.04.16"]
[Round "6.3"]
[White "Mladek, Richard"]
[Black "Kristoferitsch, Daniel"]
[Result "1-0"]
[WhiteElo "2436"]
[BlackElo "2254"]
[PlyCount "81"]
[EventDate "2023.04.11"]
[EventType "team-tourn"]
[EventRounds "9"]
[EventCountry "CRO"]
[SourceTitle "CBM 213 Extra"]
[Source "ChessBase"]
[SourceDate "2023.05.31"]
[SourceVersion "1"]
[SourceVersionDate "2023.05.31"]
[SourceQuality "1"]
[WhiteTeam "Czech Republic"]
[BlackTeam "Austria"]
[WhiteTeamCountry "CZE"]
[BlackTeamCountry "AUT"]

1. d4 d5 2. c4 e6 3. Nc3 c6 4. cxd5 exd5 5. Bf4 Bd6 6. Bxd6 Qxd6 7. e3 Ne7 8. Nf3 0-0 9. h3 h6 10. Bd3 Bf5 11. 0-0 Nd7 12. Rc1 Rfe8 13. a3 a5 14. Re1 Qf6 15. e4 dxe4 16. Bxe4 Qd6 17. d5 Nf6 18. dxc6 Nxe4 19. Nxe4 Qxd1 20. Rcxd1 Bxe4 21. Rxe4 Nxc6 22. Rxe8+ Rxe8 23. Rd7 Re7 24. Rxe7 Nxe7 25. Kf1 Nc6 26. Ke2 Kf8 27. Kd3 Ke7 28. Kc4 Kd6 29. Kb5 Kc7 30. Nd2 b6 31. Nc4 Na7+ 32. Ka6 Nc8 33. b4 axb4 34. axb4 Kc6 35. f4 f5 36. h4 h5 37. g3 b5 38. Ne5+ Kd5 39. Kxb5 Nd6+ 40. Ka6 Ne4 41. b5 1-0

[Event "AUT-ch U18"]
[Site "St Veit"]
[Date "2023.04.04"]
[Round "4"]
[White "Kristoferitsch, Daniel"]
[Black "Miazhynski, Michael"]
[Result "1-0"]
[WhiteElo "2254"]
[BlackElo "2160"]
[PlyCount "117"]
[EventDate "2023.04.02"]
[EventType "swiss"]
[EventRounds "7"]
[EventCountry "AUT"]
[SourceTitle "EXT 2024"]
[Source "ChessBase"]
[SourceDate "2023.10.10"]
[SourceVersion "1"]
[SourceVersionDate "2023.10.10"]
[SourceQuality "1"]

1. c4 e5 2. g3 Nf6 3. Bg2 c6 4. d4 d6 5. Nc3 Be7 6. Nf3 e4 7. Nd2 d5 8. 0-0 0-0 9. f3 exf3 10. Bxf3 Be6 11. cxd5 cxd5 12. Nb3 Nc6 13. Bf4 Rc8 14. Kh1 Bf5 15. Bg2 Bg6 16. Bg5 Be4 17. Bxf6 Bxg2+ 18. Kxg2 Bxf6 19. e3 Qd6 20. Qf3 Rfd8 21. Rad1 Ne7 22. e4 dxe4 23. Nxe4 Qd5 24. Nxf6+ gxf6 25. Rd2 b6 26. Re1 Qxf3+ 27. Kxf3 Rc7 28. Nc1 Nc6 29. Ne2 Ne5+ 30. Kf2 Rcd7 31. h3 Kf8 32. Rc1 Rd6 33. Rc7 a5 34. a3 Nc6 35. Rb7 Nxd4 36. Nxd4 Rxd4 37. Rxd4 Rxd4 38. Rxb6 Rd2+ 39. Ke3 Rg2 40. Kf3 Rc2 41. a4 Kg7 42. Rb5 Kg6 43. g4 Rh2 44. Kg3 Rd2 45. h4 Rd3+ 46. Kf2 Rd4 47. b3 Rd3 48. Ke2 Rh3 49. h5+ Kh6 50. Kd2 Rg3 51. Kc2 Rxg4 52. Rxa5 Kg7 53. Rf5 Kf8 54. Rxf6 Rg5 55. h6 Ke7 56. Rb6 Rh5 57. b4 Kd7 58. a5 Kc7 59. Rf6 1-0

[Event "EU-ch 23rd"]
[Site "Vrnjacka Banja"]
[Date "2023.03.07"]
[Round "5"]
[White "Pantovic, Dragan M"]
[Black "Kristoferitsch, Daniel"]
[Result "0-1"]
[WhiteElo "2038"]
[BlackElo "2282"]
[PlyCount "50"]
[EventDate "2023.03.03"]
[EventType "swiss"]
[EventRounds "11"]
[EventCountry "SRB"]
[SourceTitle "CBM 213"]
[Source "ChessBase"]
[SourceDate "2023.04.30"]
[SourceVersion "1"]
[SourceVersionDate "2023.04.30"]
[SourceQuality "1"]

1. d4 Nf6 2. c4 e6 3. Nf3 d5 4. Nc3 dxc4 5. e3 a6 6. Bxc4 b5 7. Bb3 Bb7 8. 0-0 Nbd7 9. e4 Nxe4 10. Nxe4 Bxe4 11. Qe2 Nf6 12. Bg5 Bd5 13. Bxd5 Qxd5 14. a4 Rb8 15. Rfc1 Bd6 16. Ne5 Nd7 17. axb5 axb5 18. Nxd7 Kxd7 19. Be3 Ra8 20. f3 g6 21. Qf2 h5 22. Qh4 Rxa1 23. Rxa1 Ra8 24. Re1 Ra2 25. Qf6 Qf5 0-1

[Event "Bundesliga 2223"]
[Site "Germany"]
[Date "2023.02.05"]
[Round "6.6"]
[White "Kristoferitsch, Daniel"]
[Black "Markgraf, Alexander"]
[Result "1-0"]
[WhiteElo "2283"]
[BlackElo "2477"]
[PlyCount "125"]
[EventDate "2022.10.21"]
[EventType "team-tourn"]
[EventRounds "15"]
[EventCountry "GER"]
[SourceTitle "CBM 212 Extra"]
[Source "ChessBase"]
[SourceDate "2023.03.31"]
[SourceVersion "1"]
[SourceVersionDate "2023.03.31"]
[SourceQuality "1"]
[WhiteTeam "Berlin SF"]
[BlackTeam "Werder Bremen"]
[WhiteTeamCountry "GER"]
[BlackTeamCountry "GER"]

1. d4 f5 2. g3 Nf6 3. Bg2 g6 4. Nf3 Bg7 5. 0-0 0-0 6. b3 d6 7. Bb2 Qe8 8. c4 h6 9. Nc3 g5 10. Qc2 Na6 11. Rad1 Qh5 12. h3 c6 13. d5 c5 14. Nh2 Nc7 15. f4 gxf4 16. Rxf4 Qg5 17. Rf3 Nd7 18. Bc1 Qh5 19. Rdf1 Ne5 20. R3f2 Bd7 21. e3 Qg6 22. Ne2 b5 23. Nf3 Nxf3+ 24. Rxf3 bxc4 25. bxc4 Rab8 26. g4 Qf6 27. e4 f4 28. Rxf4 Qe5 29. Rxf8+ Bxf8 30. Rf3 Rb4 31. Ra3 a6 32. Qd3 Qa1 33. Kf2 Bg7 34. Bd2 Rb8 35. Bc3 Rf8+ 36. Ke3 Bd4+ 37. Kd2 Bxc3+ 38. Qxc3 Qxc3+ 39. Rxc3 Rf2 40. Rg3 Rf8 41. Rb3 Bc8 42. Ke3 Ne8 43. Nf4 Nf6 44. Bf3 Nd7 45. Ne6 Re8 46. Nc7 Rf8 47. Ne6 Re8 48. Be2 Kh7 49. a4 Rg8 50. Nf4 Kg7 51. a5 Kf6 52. Rb1 Kf7 53. Rf1 Kg7 54. Nd3 Re8 55. Bd1 e6 56. Ba4 exd5 57. cxd5 Re7 58. Bxd7 Bxd7 59. Nf4 Be8 60. Ne6+ Kg6 61. h4 Bf7 62. Nf4+ Kg7 63. Rb1 1-0

[Event "Marianske Lazne IM-B2 21st"]
[Site "Marianske Lazne"]
[Date "2023.01.19"]
[Round "7"]
[White "Kristoferitsch, Daniel"]
[Black "Garsky, Vladyslav"]
[Result "1/2-1/2"]
[WhiteElo "2295"]
[BlackElo "2169"]
[PlyCount "90"]
[EventDate "2023.01.14"]
[EventType "tourn"]
[EventRounds "9"]
[EventCountry "CZE"]
[SourceTitle "CBM 212 Extra"]
[Source "ChessBase"]
[SourceDate "2023.03.31"]
[SourceVersion "1"]
[SourceVersionDate "2023.03.31"]
[SourceQuality "1"]

1. d4 d5 2. c4 dxc4 3. Nf3 Nf6 4. e3 e6 5. Bxc4 a6 6. 0-0 c5 7. Bb3 Nbd7 8. Re1 b5 9. e4 Bb7 10. e5 Nd5 11. Nc3 Nxc3 12. bxc3 Nb6 13. Ng5 Be7 14. Qh5 g6 15. Qh6 Bf8 16. Qh3 c4 17. Bc2 Be7 18. Ne4 Bxe4 19. Rxe4 Nd5 20. Bh6 Qa5 21. Bd2 Qa3 22. Ree1 0-0 23. Be4 Rfd8 24. Rec1 Rac8 25. Qg3 a5 26. h4 b4 27. h5 bxc3 28. Bh6 Bf8 29. Bg5 Rd7 30. hxg6 hxg6 31. Bf6 Bg7 32. Qh4 Qf8 33. Bxd5 Rxd5 34. Bxg7 Kxg7 35. Rxc3 Qd8 36. Qxd8 Rcxd8 37. Rxc4 Rxd4 38. Rac1 Rd2 39. R1c2 Rxc2 40. Rxc2 Rd4 41. f3 Rd5 42. Re2 Kh6 43. Kh2 Kg5 44. Re4 Rb5 45. a3 Rb3 1/2-1/2

[Event "Marianske Lazne IM-B2 21st"]
[Site "Marianske Lazne"]
[Date "2023.01.16"]
[Round "3"]
[White "Kristoferitsch, Daniel"]
[Black "Holtel, Jasper"]
[Result "1/2-1/2"]
[WhiteElo "2295"]
[BlackElo "2357"]
[PlyCount "34"]
[EventDate "2023.01.14"]
[EventType "tourn"]
[EventRounds "9"]
[EventCountry "CZE"]
[SourceTitle "CBM 212 Extra"]
[Source "ChessBase"]
[SourceDate "2023.03.31"]
[SourceVersion "1"]
[SourceVersionDate "2023.03.31"]
[SourceQuality "1"]

1. c4 g6 2. Nc3 c5 3. Nf3 Bg7 4. d4 cxd4 5. Nxd4 Nc6 6. Nc2 Bxc3+ 7. bxc3 Nf6 8. f3 Qa5 9. Bd2 d6 10. e4 0-0 11. Ne3 Be6 12. Be2 Ne5 13. Nd5 Bxd5 14. cxd5 Qc5 15. Qa4 Rfc8 16. Rb1 Rab8 17. Rb5 Qc7 1/2-1/2

[Event "Marianske Lazne IM-B2 21st"]
[Site "Marianske Lazne"]
[Date "2023.01.14"]
[Round "1"]
[White "Kristoferitsch, Daniel"]
[Black "Jurek, Josef"]
[Result "1/2-1/2"]
[WhiteElo "2295"]
[BlackElo "2230"]
[PlyCount "55"]
[EventDate "2023.01.14"]
[EventType "tourn"]
[EventRounds "9"]
[EventCountry "CZE"]
[SourceTitle "CBM 212 Extra"]
[Source "ChessBase"]
[SourceDate "2023.03.31"]
[SourceVersion "1"]
[SourceVersionDate "2023.03.31"]
[SourceQuality "1"]

1. d4 Nf6 2. c4 e6 3. Nc3 Bb4 4. Qc2 b6 5. e4 c5 6. d5 Qe7 7. Nge2 exd5 8. exd5 0-0 9. Bd2 d6 10. f3 Nbd7 11. 0-0-0 Re8 12. Ng3 Qd8 13. h4 a6 14. a3 Ba5 15. h5 Rb8 16. h6 g6 17. Bg5 Qc7 18. Nce4 Nxe4 19. Nxe4 f5 20. Nf6+ Nxf6 21. Bxf6 b5 22. f4 Qf7 23. Bg7 Bd7 24. b3 bxc4 25. Bxc4 Bb5 26. Bxb5 axb5 27. Rh3 Bd8 28. Qb2 1/2-1/2

[Event "Sitges Sunway op 9th"]
[Site "Sitges"]
[Date "2022.12.19"]
[Round "7"]
[White "Gholami Orimi, Mahdi"]
[Black "Kristoferitsch, Daniel"]
[Result "1-0"]
[WhiteElo "2415"]
[BlackElo "2286"]
[PlyCount "103"]
[EventDate "2022.12.12"]
[EventType "swiss"]
[EventRounds "10"]
[EventCountry "ESP"]
[SourceTitle "CBM 211 Extra"]
[Source "ChessBase"]
[SourceDate "2023.01.31"]
[SourceVersion "1"]
[SourceVersionDate "2023.01.31"]
[SourceQuality "1"]

1. c4 c5 2. Nf3 Nf6 3. Nc3 b6 4. e4 d6 5. d4 cxd4 6. Nxd4 Bb7 7. Bd3 e6 8. 0-0 a6 9. Re1 Be7 10. b3 0-0 11. Bb2 Qc7 12. f4 Nc6 13. Nc2 Rfe8 14. Qf3 Rad8 15. Qh3 Bc8 16. Ne3 h6 17. Rad1 Nb8 18. Ne2 Nbd7 19. Ng3 Nf8 20. e5 dxe5 21. fxe5 N6h7 22. Nh5 Bg5 23. Ng4 Qc5+ 24. Kh1 Kh8 25. Rf1 Rd7 26. Nf2 Bb7 27. Ng3 Red8 28. Nfe4 Bxe4 29. Nxe4 Qe3 30. Qxe3 Bxe3 31. Nd6 Kg8 32. b4 f6 33. Rf3 fxe5 34. Bxe5 Bg5 35. c5 bxc5 36. bxc5 Rc7 37. Ne4 Rc6 38. Bc2 Rxd1+ 39. Bxd1 Nf6 40. Nxf6+ Bxf6 41. Bd6 Nd7 42. Ba4 Rxc5 43. Bxc5 Nxc5 44. Bd1 Kf7 45. Ra3 Bd8 46. Bh5+ Kf6 47. Re3 g5 48. Rf3+ Ke5 49. Rf7 Ne4 50. Be2 a5 51. Rh7 Bb6 52. g3 1-0

[Event "Bayern-chI Bank Hofmann 25th"]
[Site "Tegernsee"]
[Date "2022.11.12"]
[Round "8"]
[White "Kania, Markus"]
[Black "Kristoferitsch, Daniel"]
[Result "0-1"]
[WhiteElo "1840"]
[BlackElo "2303"]
[PlyCount "86"]
[EventDate "2022.11.05"]
[EventType "swiss"]
[EventRounds "9"]
[EventCountry "GER"]
[SourceTitle "CBM 211 Extra"]
[Source "ChessBase"]
[SourceDate "2023.01.31"]
[SourceVersion "1"]
[SourceVersionDate "2023.01.31"]
[SourceQuality "1"]

1. d4 e6 2. Bf4 c5 3. e3 Nf6 4. c3 Nc6 5. Nf3 d5 6. Nbd2 cxd4 7. exd4 Nh5 8. Bg5 f6 9. Bh4 g6 10. Ne5 Be7 11. Nd3 Ng7 12. f4 0-0 13. Be2 e5 14. fxe5 fxe5 15. Bxe7 Qxe7 16. Nxe5 Nxe5 17. dxe5 Bh3 18. Nf3 Bxg2 19. Qxd5+ Ne6 20. 0-0-0 Rad8 21. Qe4 Bxh1 22. Rxh1 Rf4 23. Qe3 Qc5 24. Qxc5 Nxc5 25. Nd4 Re8 26. Bc4+ Kh8 27. e6 Kg7 28. Re1 Re7 29. Re5 Ne4 30. Rd5 Nf6 31. Rd8 Rh4 32. b3 Rxh2 33. Nb5 a6 34. Nd6 b5 35. Nc8 Re8 36. Rxe8 Nxe8 37. Bd5 Nc7 38. e7 Re2 39. Bc6 h5 40. Kd1 Re5 41. Kd2 h4 42. Kd3 h3 43. Kd4 Kf6 0-1

[Event "Bayern-chI Bank Hofmann 25th"]
[Site "Tegernsee"]
[Date "2022.11.10"]
[Round "6"]
[White "Kaeding, Rainer"]
[Black "Kristoferitsch, Daniel"]
[Result "0-1"]
[WhiteElo "2078"]
[BlackElo "2303"]
[PlyCount "68"]
[EventDate "2022.11.05"]
[EventType "swiss"]
[EventRounds "9"]
[EventCountry "GER"]
[SourceTitle "CBM 211 Extra"]
[Source "ChessBase"]
[SourceDate "2023.01.31"]
[SourceVersion "1"]
[SourceVersionDate "2023.01.31"]
[SourceQuality "1"]

1. c4 c5 2. g3 g6 3. Bg2 Bg7 4. Nc3 Nc6 5. a3 d6 6. Rb1 e6 7. b4 Nge7 8. bxc5 dxc5 9. Bb2 0-0 10. Nf3 e5 11. 0-0 Be6 12. d3 h6 13. Nd2 Qd7 14. Re1 Rad8 15. Qa4 f5 16. Nb3 b6 17. Qb5 Qc8 18. Nc1 f4 19. Ne4 Nd4 20. Bxd4 exd4 21. a4 Bd7 22. Qb3 Nc6 23. gxf4 Rxf4 24. e3 Rh4 25. Ne2 Rf8 26. Nf4 Qc7 27. Ng3 Qd6 28. Ne4 Qe5 29. h3 Ne7 30. Nd5 Nxd5 31. exd4 Qf4 32. cxd5 Bxd4 33. d6+ Kg7 34. Re2 Bxh3 0-1

[Event "Bayern-chI Bank Hofmann 25th"]
[Site "Tegernsee"]
[Date "2022.11.07"]
[Round "3"]
[White "Kristoferitsch, Daniel"]
[Black "Tscharotschkin, Michael"]
[Result "1/2-1/2"]
[WhiteElo "2303"]
[BlackElo "2134"]
[PlyCount "150"]
[EventDate "2022.11.05"]
[EventType "swiss"]
[EventRounds "9"]
[EventCountry "GER"]
[SourceTitle "CBM 211 Extra"]
[Source "ChessBase"]
[SourceDate "2023.01.31"]
[SourceVersion "1"]
[SourceVersionDate "2023.01.31"]
[SourceQuality "1"]

1. d4 d5 2. c4 e6 3. Nc3 Nf6 4. cxd5 exd5 5. Bg5 Bb4 6. e3 h6 7. Bh4 g5 8. Bg3 Ne4 9. Nge2 h5 10. h4 Bg4 11. f3 Nxg3 12. Nxg3 gxh4 13. fxg4 hxg3 14. gxh5 Qg5 15. Qf3 Nc6 16. Bd3 0-0-0 17. Qf5+ Qxf5 18. Bxf5+ Kb8 19. Ke2 Rh6 20. Rh3 Ne7 21. Bd3 Rdh8 22. Rah1 c6 23. Rxg3 Rxh5 24. Rgh3 Rxh3 25. gxh3 Rh4 26. Kf3 f5 27. Kg3 Rh5 28. Ne2 Ng6 29. Kf2 Rh8 30. Rg1 Ne7 31. Rh1 Ng6 32. Rg1 Ne7 33. Nf4 Bd6 34. Rh1 Bxf4 35. exf4 Kc7 36. h4 Kd6 37. h5 Ke6 38. Be2 Kf6 39. Bf3 Rg8 40. Re1 Nc8 41. Re3 Nd6 42. Bd1 Ne4+ 43. Kf1 Rg3 44. Rxg3 Nxg3+ 45. Kg2 Ne4 46. Bc2 Nd6 47. Bd3 a5 48. b3 Kg7 49. Kg3 Kh6 50. Kh4 b6 51. Bc2 c5 52. dxc5 bxc5 53. Bb1 Ne4 54. Bd3 Kg7 55. Ba6 Kf6 56. Bb7 Nc3 57. h6 d4 58. h7 Kg7 59. h8Q+ Kxh8 60. Kg5 Ne4+ 61. Kg6 d3 62. Ba6 d2 63. Be2 Kg8 64. Bf3 Nc3 65. Kxf5 Nxa2 66. Ke4 Nc3+ 67. Kd3 d1Q+ 68. Bxd1 Nxd1 69. Kc4 Nb2+ 70. Kxc5 Nd3+ 71. Kb5 Nc1 72. Kxa5 Nxb3+ 73. Kb4 Nd2 74. f5 Kf7 75. f6 Kxf6 1/2-1/2

[Event "Bayern-chI Bank Hofmann 25th"]
[Site "Tegernsee"]
[Date "2022.11.05"]
[Round "1"]
[White "Kristoferitsch, Daniel"]
[Black "Weichelt, Jens"]
[Result "1-0"]
[WhiteElo "2303"]
[BlackElo "2062"]
[PlyCount "63"]
[EventDate "2022.11.05"]
[EventType "swiss"]
[EventRounds "9"]
[EventCountry "GER"]
[SourceTitle "CBM 211 Extra"]
[Source "ChessBase"]
[SourceDate "2023.01.31"]
[SourceVersion "1"]
[SourceVersionDate "2023.01.31"]
[SourceQuality "1"]

1. d4 Nf6 2. c4 e6 3. Nc3 d5 4. cxd5 exd5 5. Bg5 Be7 6. e3 0-0 7. Bd3 c6 8. Qc2 Nbd7 9. Nge2 Re8 10. 0-0 Nf8 11. f3 Ng6 12. e4 dxe4 13. fxe4 Bg4 14. Be3 Bxe2 15. Qxe2 Bb4 16. e5 Bxc3 17. bxc3 Nd5 18. Bd2 f6 19. Qf2 Rf8 20. e6 Qd6 21. c4 Nde7 22. Rae1 Rfe8 23. Re2 Rad8 24. Bc3 Nf8 25. Rfe1 c5 26. d5 b5 27. Rd2 bxc4 28. Bxc4 Nfg6 29. a4 Nc8 30. a5 Qc7 31. Rf1 Rf8 32. e7 1-0